000 00899nam a2200265Ia 4500
003 OSt
005 20220930083204.0
006 a|||||r|||| 00| 0
007 ta
008 220926b |||||||| |||| 00| 0 eng d
024 _a74360
037 _cTheses
040 _aCRL
_cCRL
_beng
041 _2eng
_aeng
100 _aPuri Tarun
_9534001
110 _aUniversity of Delhi. Faculty of Medical Sciences. Department of Radiotherapy
_9520404
245 0 _aStudy the effects of radiotherapy alone and concomitant chemoradiotherapy for locality advanced cancers of the head and neck region
260 _c2002
300 _a96p.
_ap.
_ccm.
650 _aRADIOTHERAPY
_9520405
700 _a Baruah J D Gu.
_9534002
700 _aUniversity of Delhi. Faculty of Medical Sciences. Department of Radiotherapy
_9520407
942 _cDIS
_2CC
999 _c874801
_d874801